Biblioteca

Israel : Its life and culture / Johs. Pederson (Registro nro. 45944)

Detalles MARC
000 -LÍDER
Campo fijo de descripción fija 008180000a22001690004500
082 04 - NÚMERO DE CLASIFICACIÓN DECIMAL DEWEY
Número de clasificación G 933 P22i
001 - NÚMERO DE CONTROL
Campo de control 19582
100 1# - ASIENTO PRINCIPAL--NOMBRE PERSONAL
Nombre personal Pedersen, Johs.
245 10 - TÍTULO
Título del Material Israel : Its life and culture / Johs. Pederson
260 ## - PUBLICACIÓN, DISTRIBUCIÓN, ETC. (PIE DE IMPRENTA)
Lugar de publicación, distribución, etc. London : Oxford University Press
300 ## - DESCRIPCIÓN FÍSICA
Extensión 2 volúmenes
500 ## - NOTA GENERAL
Nota General Incluye índices
501 ## - NOTA DE “CON”
Nota de Contenido Pasta dura
505 00 - NOTA DE CONTENIDO
Nota de contenido con formato preestablecido Volumen 1: Canaán, delante de la inmigración de los israelitas - La realización de Israel - Tribu y ciudad - La familia, la casa del padre y la gente - La formación de la familia - La propiedad de la familia - El alma, sus facultades y capacidad - Convivencia y sus leyes \ Volumen 2: Santidad y su partidarios - La renovación y la fuente de la santidad
650 14 - ASIENTO SECUNDARIO DE MATERIA - TERMINO TEMÁTICO
Término temático o nombre geográfico como elemento de entrada Biblia A.T. - Historia \ Israel - Contexto Cultural \ Judaísmo - Historia
942 ## - TIPO DE MATERIAL (KOHA)
Tipo de Item KOHA Libros General
Existencias
Estado de Material Estado de Perdido Volumen-Parte/Tomo Estado de Dañado No para Préstamo Colección Tomo Biblioteca de Origen Biblioteca Permanente Fecha de Adquisición Total de Préstamos Signatura Topográfica Código de Barras Última vez visto Ejemplar/Existencia Fecha de Remplazo Tipo de Material
    1     Colección General   Biblioteca FUSBC Biblioteca FUSBC 28/04/2015   G 933 P22i 19644 12/12/2019 1 26/01/2016 Libros General
    2     Colección General   Biblioteca FUSBC Biblioteca FUSBC 28/04/2015   G 933 P22i 19645 12/12/2019 2 26/01/2016 Libros General

Biblioteca FUSBC | Teléfono: (57+4) 349 88 10 Ext. 141| WhatsApp (+57) 3005338115 
E-mail: biblioteca@unisbc.edu.co | Calle 76 87-14 Robledo Palenque, Medellín, Colombia

Con tecnología Koha